| 000 | 00405nam a2200145Ia 4500 | ||
|---|---|---|---|
| 008 | 210716s2015 xx 000 0 und d | ||
| 020 | _a9789352131563 | ||
| 041 | _aeng | ||
| 082 | _a004.6005 ANDR | ||
| 100 | _aAndrew, Rachel. | ||
| 245 | _aCSS3 anthology: take your sites to new heights. | ||
| 250 | _a4 | ||
| 260 |
_aNew Delhi _bShroff Publishers and Distributors Pvt Ltd _c2015 |
||
| 300 | _axxi,420 | ||
| 999 |
_c195073 _d195073 |
||